<?xml version="1.0" encoding="UTF-8"?>
<collection xmlns="http://www.loc.gov/MARC21/slim">
 <record>
  <leader>02020nam a22002897a 4500</leader>
  <controlfield tag="001">NCT_32061</controlfield>
  <controlfield tag="008">180421b        xxu||||| |||| 00| 0 vie d</controlfield>
  <datafield tag="999" ind1=" " ind2=" ">
   <subfield code="c">1542</subfield>
   <subfield code="d">1542</subfield>
  </datafield>
  <datafield tag="020" ind1=" " ind2=" ">
   <subfield code="a">9786046620174</subfield>
   <subfield code="c">88000</subfield>
  </datafield>
  <datafield tag="082" ind1="0" ind2="4">
   <subfield code="2">23rd ed.</subfield>
   <subfield code="a">617.07</subfield>
   <subfield code="b">Q528</subfield>
  </datafield>
  <datafield tag="100" ind1="1" ind2=" ">
   <subfield code="a">Hà Văn Quyết</subfield>
   <subfield code="e">Chủ biên</subfield>
  </datafield>
  <datafield tag="245" ind1="1" ind2="0">
   <subfield code="a">Bài giảng Triệu chứng học ngoại khoa</subfield>
   <subfield code="c">Hà Văn Quyết, Phạm Đức Huấn</subfield>
  </datafield>
  <datafield tag="250" ind1=" " ind2=" ">
   <subfield code="a">Tái bản lần thứ hai</subfield>
  </datafield>
  <datafield tag="260" ind1=" " ind2=" ">
   <subfield code="a">H.</subfield>
   <subfield code="b">Y học</subfield>
   <subfield code="c">2016</subfield>
  </datafield>
  <datafield tag="300" ind1=" " ind2=" ">
   <subfield code="a">255tr.</subfield>
   <subfield code="b">minh họa</subfield>
   <subfield code="c">27cm</subfield>
  </datafield>
  <datafield tag="520" ind1="3" ind2=" ">
   <subfield code="a">Nội dung tài liệu là tập hợp các bài về triệu chứng, hội chứng thường gặp mà sinh viên cấn phải học và nắm vững.</subfield>
  </datafield>
  <datafield tag="653" ind1=" " ind2=" ">
   <subfield code="a">Dược học</subfield>
  </datafield>
  <datafield tag="700" ind1="1" ind2=" ">
   <subfield code="a">Phạm Đức Huấn</subfield>
   <subfield code="e">Chủ biên</subfield>
  </datafield>
  <datafield tag="942" ind1=" " ind2=" ">
   <subfield code="2">ddc</subfield>
   <subfield code="c">BK</subfield>
  </datafield>
  <datafield tag="952" ind1=" " ind2=" ">
   <subfield code="0">0</subfield>
   <subfield code="1">0</subfield>
   <subfield code="2">ddc</subfield>
   <subfield code="4">0</subfield>
   <subfield code="6">617_070000000000000_Q528</subfield>
   <subfield code="7">0</subfield>
   <subfield code="9">7425</subfield>
   <subfield code="a">000001</subfield>
   <subfield code="b">000001</subfield>
   <subfield code="d">2018-04-21</subfield>
   <subfield code="l">1</subfield>
   <subfield code="o">617.07 Q528</subfield>
   <subfield code="p">MD.10738</subfield>
   <subfield code="q">2022-03-07</subfield>
   <subfield code="r">2022-02-21</subfield>
   <subfield code="s">2022-02-21</subfield>
   <subfield code="v">88000.00</subfield>
   <subfield code="w">2018-04-21</subfield>
   <subfield code="y">BK</subfield>
  </datafield>
  <datafield tag="952" ind1=" " ind2=" ">
   <subfield code="0">0</subfield>
   <subfield code="1">0</subfield>
   <subfield code="2">ddc</subfield>
   <subfield code="4">0</subfield>
   <subfield code="6">617_070000000000000_Q528</subfield>
   <subfield code="7">0</subfield>
   <subfield code="9">7426</subfield>
   <subfield code="a">000001</subfield>
   <subfield code="b">000001</subfield>
   <subfield code="d">2018-04-21</subfield>
   <subfield code="o">617.07 Q528</subfield>
   <subfield code="p">MD.11628</subfield>
   <subfield code="r">2018-04-21</subfield>
   <subfield code="v">88000.00</subfield>
   <subfield code="w">2018-04-21</subfield>
   <subfield code="y">BK</subfield>
  </datafield>
  <datafield tag="952" ind1=" " ind2=" ">
   <subfield code="0">0</subfield>
   <subfield code="1">0</subfield>
   <subfield code="2">ddc</subfield>
   <subfield code="4">0</subfield>
   <subfield code="6">617_070000000000000_Q528</subfield>
   <subfield code="7">0</subfield>
   <subfield code="9">15490</subfield>
   <subfield code="a">000001</subfield>
   <subfield code="b">000001</subfield>
   <subfield code="d">2019-02-15</subfield>
   <subfield code="o">617.07 Q528</subfield>
   <subfield code="p">MD.14240</subfield>
   <subfield code="r">2019-02-15</subfield>
   <subfield code="v">88000.00</subfield>
   <subfield code="w">2019-02-15</subfield>
   <subfield code="y">BK</subfield>
  </datafield>
  <datafield tag="952" ind1=" " ind2=" ">
   <subfield code="0">0</subfield>
   <subfield code="1">0</subfield>
   <subfield code="2">ddc</subfield>
   <subfield code="4">0</subfield>
   <subfield code="6">617_070000000000000_Q528</subfield>
   <subfield code="7">0</subfield>
   <subfield code="9">15491</subfield>
   <subfield code="a">000001</subfield>
   <subfield code="b">000001</subfield>
   <subfield code="d">2019-02-15</subfield>
   <subfield code="o">617.07 Q528</subfield>
   <subfield code="p">MD.14241</subfield>
   <subfield code="r">2019-02-15</subfield>
   <subfield code="v">88000.00</subfield>
   <subfield code="w">2019-02-15</subfield>
   <subfield code="y">BK</subfield>
  </datafield>
  <datafield tag="952" ind1=" " ind2=" ">
   <subfield code="0">0</subfield>
   <subfield code="1">0</subfield>
   <subfield code="2">ddc</subfield>
   <subfield code="4">0</subfield>
   <subfield code="6">617_070000000000000_Q528</subfield>
   <subfield code="7">0</subfield>
   <subfield code="9">15492</subfield>
   <subfield code="a">000001</subfield>
   <subfield code="b">000001</subfield>
   <subfield code="d">2019-02-15</subfield>
   <subfield code="o">617.07 Q528</subfield>
   <subfield code="p">MD.14242</subfield>
   <subfield code="r">2019-02-15</subfield>
   <subfield code="v">88000.00</subfield>
   <subfield code="w">2019-02-15</subfield>
   <subfield code="y">BK</subfield>
  </datafield>
  <datafield tag="952" ind1=" " ind2=" ">
   <subfield code="0">0</subfield>
   <subfield code="1">0</subfield>
   <subfield code="2">ddc</subfield>
   <subfield code="4">0</subfield>
   <subfield code="6">617_070000000000000_Q528</subfield>
   <subfield code="7">0</subfield>
   <subfield code="9">15493</subfield>
   <subfield code="a">000001</subfield>
   <subfield code="b">000001</subfield>
   <subfield code="d">2019-02-15</subfield>
   <subfield code="l">1</subfield>
   <subfield code="o">617.07 Q528</subfield>
   <subfield code="p">MD.14243</subfield>
   <subfield code="r">2020-09-21</subfield>
   <subfield code="s">2020-09-16</subfield>
   <subfield code="v">88000.00</subfield>
   <subfield code="w">2019-02-15</subfield>
   <subfield code="y">BK</subfield>
  </datafield>
  <datafield tag="952" ind1=" " ind2=" ">
   <subfield code="0">0</subfield>
   <subfield code="1">0</subfield>
   <subfield code="2">ddc</subfield>
   <subfield code="4">0</subfield>
   <subfield code="6">617_070000000000000_Q528</subfield>
   <subfield code="7">0</subfield>
   <subfield code="9">15494</subfield>
   <subfield code="a">000001</subfield>
   <subfield code="b">000001</subfield>
   <subfield code="d">2019-02-15</subfield>
   <subfield code="l">1</subfield>
   <subfield code="o">617.07 Q528</subfield>
   <subfield code="p">MD.14244</subfield>
   <subfield code="r">2020-09-08</subfield>
   <subfield code="s">2020-08-26</subfield>
   <subfield code="v">88000.00</subfield>
   <subfield code="w">2019-02-15</subfield>
   <subfield code="y">BK</subfield>
  </datafield>
  <datafield tag="980" ind1=" " ind2=" ">
   <subfield code="a">Thư viện Trường Đại học Nam Cần Thơ</subfield>
  </datafield>
 </record>
</collection>
